| 000 | 01085 a2200217 4500 | ||
|---|---|---|---|
| 005 | 20080825142625.0 | ||
| 008 | 080825t xxu||||| |||| 00| 0 hin d | ||
| 010 | _aHIN-83023 | ||
| 020 |
_c200.00 _a9788190511759 |
||
| 035 | _aHN-55369 | ||
| 037 | _bपु.प्र.अ.प्र/प्रका | ||
| 082 | _a394.26954 | ||
| 100 | _aजयप्रकाश | ||
| 245 |
_aराष्ट्रीय पर्व त्यौहार एवं दिवस / _cजयप्रकाश |
||
| 246 |
_aRashtriya Parv Tyohar eaem Diwas _bby Jay Prakash |
||
| 260 |
_aदिल्ली _bराही प्रकाशन _c2007 |
||
| 270 |
_aएल 45, गली नं5, करतार नगर _bदिल्ली _e110053 |
||
| 300 |
_a176पृ _c22सेमी (सजिल्द) |
||
| 942 |
_adpl _cHN _k394.26954 / जयप्र _2ddc _h394.26954 _mजयप्र |
||
| 999 |
_c11509 _d11509 |
||